000
00212 a2200097 4500
001
46327
100
_a
Watson, E
245
_a
Beyond the Sunset
260
_a
London
_b
Oxford University
_c
090
_c
29445
_d
29445
942
_a
NUST-CAE
_c
M
_c
21608
999
_c
281400
_d
281400